[Event "Titled Tue 3rd Jun Early"]
[Site "chess.com INT"]
[Date "2025.06.03"]
[Round "1"]
[White "Bakalchuk, Johnatan"]
[Black "Torres Rebolledo, Alvaro"]
[Result "1-0"]
[WhiteTitle "IM"]
[BlackTitle "FM"]
[WhiteElo "2438"]
[BlackElo "2336"]
[WhiteFideId "2810301"]
[BlackFideId "54587670"]
[EventDate "2025.06.03"]

1. e4 d6 2. d4 Nf6 3. Nc3 e5 4. Nf3 Nbd7 5. g4 Nxg4 6. Rg1 Ngf6 7. Bc4 Nb6 8.
Bxf7+ Kxf7 9. dxe5 Ne8 10. Ng5+ Kg8 11. Qh5 Qe7 12. exd6 Nxd6 13. Be3 h6 14. Nf3
Be6 15. O-O-O Qf7 16. Rg6 Qe8 17. Ne5 Nbc4 18. Nd5 Bxd5 19. Rxd5 Nxe3 20. fxe3
Nf7 21. Ng4 Be7 22. e5 Ng5 23. e6 Nf3 24. Nxh6+ Rxh6 25. Qxh6 Nh4 26. Qxg7# 1-0

[Event "Titled Tue 3rd Jun Early"]
[Site "chess.com INT"]
[Date "2025.06.03"]
[Round "1"]
[White "Wyss, Jonas"]
[Black "Skliarov, Viktor"]
[Result "0-1"]
[WhiteTitle "FM"]
[BlackTitle "IM"]
[WhiteElo "2278"]
[BlackElo "2334"]
[WhiteFideId "1311387"]
[BlackFideId "14106736"]
[EventDate "2025.06.03"]

1. e4 c5 2. Nf3 Nc6 3. Bb5 e6 4. c3 Nge7 5. O-O a6 6. Ba4 b5 7. Bc2 d5 8. exd5
Nxd5 9. d4 cxd4 10. Nxd4 Bb7 11. a4 b4 12. Nxc6 Bxc6 13. c4 Nf6 14. Qxd8+ Rxd8
15. Bg5 h6 16. Bh4 Bc5 17. Rd1 Rxd1+ 18. Bxd1 g5 19. Bg3 Ke7 20. Nd2 Rd8 21. Nb3
Ba7 22. Be2 Ne4 23. Bf3 f5 24. Be5 Bxf2+ 25. Kf1 Ba7 26. Rd1 Rxd1+ 27. Bxd1 Bxa4
28. Bg7 h5 29. Bxh5 Bxb3 30. Be2 Bxc4 31. Bxc4 Nd2+ 32. Ke2 Nxc4 33. b3 Na5 34.
Kd3 Nxb3 35. Kc4 Nd2+ 36. Kxb4 Nf1 37. h3 Ne3 38. g3 Bb8 39. h4 gxh4 40. gxh4
Bc7 41. h5 Kf7 42. h6 Ng4 43. Kc3 Kg6 44. Kd4 Nxh6 0-1

[Event "Titled Tue 3rd Jun Early"]
[Site "chess.com INT"]
[Date "2025.06.03"]
[Round "1"]
[White "Kononenko, Dmitry2"]
[Black "Uzuner, Tufan Can"]
[Result "0-1"]
[WhiteTitle "FM"]
[BlackTitle "CM"]
[WhiteElo "2205"]
[BlackElo "1886"]
[WhiteFideId "14113538"]
[BlackFideId "6300499"]
[EventDate "2025.06.03"]

1. e4 c6 2. c4 d5 3. exd5 cxd5 4. cxd5 Nf6 5. Bb5+ Nbd7 6. Nc3 g6 7. d4 Bg7 8.
d6 O-O 9. dxe7 Re8 10. Nge2 Rxe7 11. O-O a6 12. Bd3 b5 13. d5 Nc5 14. Be3 Nxd3
15. Qxd3 Bb7 16. Rad1 Rd7 17. d6 b4 18. Na4 Ne4 19. Nc5 Nxc5 20. Bxc5 Qg5 21.
Ng3 Qxc5 22. Ne4 Bxe4 23. Qxe4 Rad8 24. h4 Bxb2 25. h5 Qxh5 26. Qxb4 Be5 27. g3
Rxd6 28. Rxd6 Rxd6 29. Qa4 Qe2 30. Kg2 Kg7 31. Qb4 Rd4 32. Re1 Rxb4 33. Rxe2 Rb5
34. Rc2 h5 35. Re2 Kf6 36. Rc2 Rb2 37. Rc6+ Kg7 38. Rxa6 Bd4 39. a4 Rxf2+ 40.
Kh1 Ra2 41. Ra8 Be5 42. a5 Bxg3 43. a6 h4 44. Kg1 h3 45. Kf1 h2 46. Rh8 Kxh8 47.
a7 h1=Q# 0-1

[Event "Titled Tue 3rd Jun Early"]
[Site "chess.com INT"]
[Date "2025.06.03"]
[Round "1"]
[White "Moghaddamian, Afshin"]
[Black "Lazavik, Denis"]
[Result "0-1"]
[WhiteTitle "CM"]
[BlackTitle "GM"]
[WhiteElo "2126"]
[BlackElo "2577"]
[WhiteFideId "12503886"]
[BlackFideId "13515110"]
[EventDate "2025.06.03"]

1. Nf3 Nf6 2. g3 g6 3. Bg2 Bg7 4. O-O O-O 5. c4 d6 6. d4 c6 7. Nc3 Bf5 8. Qb3
Qb6 9. Re1 Na6 10. e4 Bg4 11. Be3 Qxb3 12. axb3 Nb4 13. Rec1 Nd7 14. h3 Bxf3 15.
Bxf3 c5 16. Ne2 cxd4 17. Nxd4 Nc5 18. Ra3 a6 19. Kg2 Rac8 20. Rd1 Bxd4 21. Bxd4
Nc2 22. Bxc5 dxc5 23. Ra5 Rc7 24. Rd5 Rfc8 25. Bg4 e6 26. Rd6 Kf8 27. h4 Ke7 28.
Rd3 Nb4 29. Rd2 Rd8 30. Rxd8 Kxd8 31. Bf3 b6 32. Ra1 Rd7 33. Rd1 Rxd1 34. Bxd1
e5 35. Be2 Ke7 36. Kf3 Nc6 37. Ke3 Nd4 38. Bd1 f6 39. Kd3 h6 40. Ke3 Kd6 41. Kd3
b5 42. Kc3 g5 43. b4 cxb4+ 44. Kxb4 Nc6+ 45. Kc3 b4+ 46. Kd3 Kc5 47. hxg5 fxg5
48. Bh5 Na5 49. Bf7 Nb7 50. Bd5 Nd6 51. b3 a5 52. Be6 Ne8 53. Bf7 Nc7 54. Ke3
Kd6 55. Kd3 Na6 56. Kc2 Nc5 57. Bd5 h5 58. Bf7 h4 59. gxh4 gxh4 60. Bh5 Nxe4 61.
f3 Nc5 62. Bg4 Ke7 63. Kd2 Nxb3+ 64. Ke3 Nc5 0-1

[Event "Titled Tue 3rd Jun Early"]
[Site "chess.com INT"]
[Date "2025.06.03"]
[Round "1"]
[White "Yang, Daniel"]
[Black "Lai, Duc Minh"]
[Result "0-1"]
[WhiteTitle "CM"]
[WhiteElo "2213"]
[BlackElo "2072"]
[WhiteFideId "30976340"]
[BlackFideId "12420387"]
[EventDate "2025.06.03"]

1. d4 f5 2. c4 Nf6 3. Nc3 d6 4. Bg5 Nbd7 5. e3 g6 6. h4 h6 7. Bxf6 Nxf6 8. h5 g5
9. Bd3 Bg7 10. Nge2 O-O 11. Ng3 Ng4 12. Qe2 e5 13. dxe5 Nxe5 14. O-O-O c6 15. c5
d5 16. e4 fxe4 17. Ngxe4 Qa5 18. Nd6 Qxc5 19. Nxc8 Raxc8 20. Kb1 Rxf2 21. Na4
Rxe2 22. Nxc5 Nxd3 23. Nxd3 Rxg2 24. Rhe1 Rf8 25. Re7 Rf7 26. Re8+ Kh7 27. Rde1
Rg3 28. Nc5 Rg2 29. Nd3 Rd2 30. Ne5 Bxe5 31. R8xe5 Rh2 32. Re7 Kg7 33. R7e6 Rxh5
34. Kc2 Rh2+ 35. Kc3 Rhf2 36. Kd4 R2f6 37. R6e5 Kg6 38. Re8 Rg7 39. Kc5 h5 40.
R8e5 h4 41. Rg1 Kh5 42. Kd4 h3 43. Rg3 Kh4 44. Ree3 g4 45. Ke5 Rgf7 46. Kd4 Rf3
47. Rexf3 Rxf3 48. Rxf3 gxf3 49. Ke3 Kg3 0-1

[Event "Titled Tue 3rd Jun Early"]
[Site "chess.com INT"]
[Date "2025.06.03"]
[Round "1"]
[White "Demchenko, Anton"]
[Black "Mizzi, Jack"]
[Result "1-0"]
[WhiteTitle "GM"]
[BlackTitle "CM"]
[WhiteElo "2619"]
[BlackElo "2086"]
[WhiteFideId "4160258"]
[BlackFideId "5602521"]
[EventDate "2025.06.03"]

1. e4 c6 2. d4 d5 3. Nc3 dxe4 4. Nxe4 Bf5 5. Ng3 Bg6 6. h4 h6 7. N1e2 e6 8. Nf4
Bh7 9. c3 Nf6 10. Bd3 Bxd3 11. Nxd3 Qc7 12. Nh5 Nbd7 13. Nxf6+ Nxf6 14. Qf3 Bd6
15. Bd2 O-O-O 16. O-O-O Rhe8 17. g4 Nd5 18. g5 hxg5 19. hxg5 Nb6 20. Rh7 Rg8 21.
Kb1 Nc4 22. Bc1 e5 23. b3 Nb6 24. dxe5 Bf8 25. c4 Qd7 26. Qh3 Qxh3 27. Rxh3 Be7
28. Kc2 a5 29. Bd2 Rd7 30. Bxa5 Bd8 31. Bxb6 Bxb6 32. f4 Bd4 33. Ne1 Kc7 34. Nf3
c5 35. Nxd4 cxd4 36. Kd3 Kc6 37. Ke4 Kc5 38. Rhd3 Rgd8 39. a3 b5 40. cxb5 Kxb5
41. Rxd4 Rxd4+ 42. Rxd4 Ra8 43. Rd5+ Kc6 44. a4 Rb8 45. Rb5 Rd8 46. Rb4 Rd1 47.
a5 Ra1 48. Ra4 Rb1 49. a6 Re1+ 50. Kf3 1-0

[Event "Titled Tue 3rd Jun Early"]
[Site "chess.com INT"]
[Date "2025.06.03"]
[Round "1"]
[White "Demin, Vladimir"]
[Black "So, Wesley"]
[Result "0-1"]
[WhiteTitle "IM"]
[BlackTitle "GM"]
[WhiteElo "2430"]
[BlackElo "2751"]
[WhiteFideId "4167457"]
[BlackFideId "5202213"]
[EventDate "2025.06.03"]

1. e4 c5 2. c3 d5 3. exd5 Qxd5 4. d4 g6 5. Nf3 Bg7 6. Nbd2 cxd4 7. Bc4 Qd8 8.
Nxd4 Nf6 9. O-O O-O 10. N2f3 Qc7 11. Qe2 Bg4 12. h3 Bxf3 13. Nxf3 Nc6 14. Bg5 h6
15. Be3 Na5 16. Bd3 Nd5 17. Bd2 Rad8 18. Rad1 Nc6 19. Be4 e6 20. Rfe1 Nf6 21.
Bb1 Nh5 22. Be3 Nf4 23. Qc2 Nd5 24. Bc1 Rd7 25. h4 Rfd8 26. h5 g5 27. Nxg5 hxg5
28. Bxg5 Nf6 29. Rxd7 Rxd7 30. h6 Bh8 31. Re3 Qd6 32. Bxf6 Qd1+ 33. Kh2 Qxc2 34.
Bxc2 Bxf6 35. Rg3+ Kh8 36. Rf3 Ne5 37. Rf4 Rd2 38. Be4 Bg5 0-1

[Event "Titled Tue 3rd Jun Early"]
[Site "chess.com INT"]
[Date "2025.06.03"]
[Round "1"]
[White "Klekowski, Maciej"]
[Black "Silva Lucena, Cristian"]
[Result "1-0"]
[WhiteTitle "GM"]
[BlackTitle "FM"]
[WhiteElo "2474"]
[BlackElo "2257"]
[WhiteFideId "1132717"]
[BlackFideId "2232588"]
[EventDate "2025.06.03"]

1. c4 Nf6 2. Nc3 g6 3. g3 Bg7 4. Bg2 O-O 5. d4 d6 6. Nf3 Nc6 7. O-O a6 8. a4 a5
9. h3 e5 10. d5 Nb8 11. c5 Na6 12. cxd6 cxd6 13. Nd2 Nd7 14. Nc4 Ndc5 15. Nb5
Bd7 16. Nbxd6 h5 17. Be3 h4 18. g4 f5 19. gxf5 gxf5 20. f4 e4 21. Nb5 b6 22. Nd4
Rb8 23. Ne5 Qe8 24. Nxd7 Qxd7 25. Nc6 Rbe8 26. Rc1 Bxb2 27. Rc2 Bg7 28. Rd2 Rf6
29. Ne5 Qd8 30. Kh1 Rd6 31. Rg1 Kh7 32. Nc4 Rg6 33. d6 Nb4 34. Bxc5 bxc5 35. e3
Bc3 36. Qh5+ Kg7 37. Rdd1 Qf6 38. Bxe4 Rh8 39. Qxf5 Qxf5 40. Bxf5 Rxg1+ 41.
Rxg1+ Kf6 42. e4 Nd3 43. Rg6+ Kf7 44. d7 Nxf4 45. Rd6 Nxh3 46. Bxh3 1-0

[Event "Titled Tue 3rd Jun Early"]
[Site "chess.com INT"]
[Date "2025.06.03"]
[Round "1"]
[White "Hungaski, Robert"]
[Black "Pulido Alvarez, Ariel"]
[Result "1-0"]
[WhiteTitle "GM"]
[BlackTitle "FM"]
[WhiteElo "2477"]
[BlackElo "2252"]
[WhiteFideId "2021030"]
[BlackFideId "3503011"]
[EventDate "2025.06.03"]

1. h3 Nf6 2. e3 d5 3. Nf3 c5 4. Bb5+ Bd7 5. Qe2 a6 6. Bxd7+ Nbxd7 7. O-O e5 8.
d3 Bd6 9. e4 O-O 10. Bg5 Qb6 11. c3 c4 12. Nbd2 Qxb2 13. Rab1 Qxc3 14. dxc4 dxe4
15. Nh4 Qd3 16. Qxd3 exd3 17. Nf5 Bc5 18. Rxb7 Rfb8 19. Rb3 Rxb3 20. Nxb3 e4 21.
Bxf6 gxf6 22. Re1 Re8 23. Kf1 Bb4 24. Rd1 Ne5 25. c5 Nc6 26. g4 a5 27. a4 Kf8
28. h4 Rb8 29. Nd6 Bc3 30. Nd2 Bxd2 31. Rxd2 Rb1+ 32. Kg2 Ne5 33. Nxe4 Rc1 34.
g5 fxg5 35. hxg5 Ke7 36. f4 Ke6 37. fxe5 Kxe5 38. Kf3 Rf1+ 39. Nf2 Kd4 40. Rxd3+
Kxc5 41. Rb3 Kc4 42. Rb5 Rg1 43. Ne4 Rf1+ 44. Nf2 Rg1 45. Ng4 Rf1+ 46. Kg2 Rf4
47. Kg3 Rf1 48. Ne3+ 1-0

[Event "Titled Tue 3rd Jun Early"]
[Site "chess.com INT"]
[Date "2025.06.03"]
[Round "1"]
[White "Marchesich, Giovanni"]
[Black "Moskalenko, Alexander"]
[Result "0-1"]
[WhiteTitle "CM"]
[BlackTitle "GM"]
[WhiteElo "2219"]
[BlackElo "2422"]
[WhiteFideId "2824790"]
[BlackFideId "4155351"]
[EventDate "2025.06.03"]

1. d4 d5 2. Nc3 e6 3. Bf4 Nf6 4. a3 a6 5. e3 c5 6. Nf3 Nc6 7. Bd3 Bd6 8. dxc5
Bxc5 9. O-O O-O 10. e4 dxe4 11. Nxe4 Be7 12. Qe2 Nd5 13. Bg3 b5 14. c4 bxc4 15.
Bxc4 Bb7 16. Rfd1 Re8 17. b4 Bf8 18. Rac1 Qb6 19. Nd6 Bxd6 20. Bxd6 Nd4 21. Nxd4
Qxd6 22. Nf3 Rec8 23. Qe5 Qf8 24. Nd4 a5 25. Nb5 Rd8 26. Bxd5 Rxd5 27. Rxd5 Bxd5
28. Nc7 Rc8 29. Rc5 axb4 30. axb4 Bb7 31. Qc3 Qd6 32. h3 h6 33. Nb5 Qd1+ 34. Kh2
Ra8 35. Qd4 Qf1 36. f3 Ra2 37. Qg1 Qxf3 0-1

[Event "Titled Tue 3rd Jun Early"]
[Site "chess.com INT"]
[Date "2025.06.03"]
[Round "1"]
[White "Dreelinck, Jacob"]
[Black "Halkias, Stelios"]
[Result "1-0"]
[WhiteTitle "FM"]
[BlackTitle "GM"]
[WhiteElo "2262"]
[BlackElo "2508"]
[WhiteFideId "250511"]
[BlackFideId "4201809"]
[EventDate "2025.06.03"]

1. e4 c6 2. d4 d5 3. e5 Bf5 4. g4 Be4 5. f3 Bg6 6. f4 e6 7. h4 h5 8. f5 exf5 9.
g5 Nd7 10. Nh3 Bb4+ 11. c3 Ba5 12. Nf4 Nf8 13. Bd3 Ne6 14. O-O Ne7 15. b4 Bb6
16. Kh1 Qd7 17. a4 a5 18. bxa5 Rxa5 19. Nd2 Ra7 20. Nb3 Ra8 21. a5 Ba7 22. Ba3
Bb8 23. Nc5 Nxc5 24. Bxc5 Ba7 25. Bxe7 Qxe7 26. Qb1 O-O 27. Bxf5 Bxf5 28. Qxf5
g6 29. Qf6 Rfe8 30. Rab1 Rab8 31. Rg1 Qc7 32. Nxh5 Re6 33. Qg7# 1-0

[Event "Titled Tue 3rd Jun Early"]
[Site "chess.com INT"]
[Date "2025.06.03"]
[Round "1"]
[White "Myagmarsuren, Evsuld"]
[Black "Waldhausen Gordon, Frederick"]
[Result "0-1"]
[WhiteTitle "FM"]
[BlackTitle "FM"]
[WhiteElo "2292"]
[BlackElo "2397"]
[WhiteFideId "1551639"]
[BlackFideId "2409143"]
[EventDate "2025.06.03"]

1. e4 e5 2. Nf3 Nc6 3. d4 exd4 4. Bc4 Nf6 5. e5 Ne4 6. Bb5 Bb4+ 7. c3 dxc3 8.
O-O cxb2 9. Bxb2 O-O 10. Qa4 Nc5 11. Qc2 Ne6 12. Rd1 Qe7 13. Nc3 Bxc3 14. Qxc3
Qb4 15. Qd3 Qxb2 16. Bxc6 dxc6 17. Rdb1 Nf4 18. Qc4 Ne2+ 19. Kf1 Be6 20. Qxe6
Qxb1+ 21. Kxe2 fxe6 22. Rxb1 Rab8 23. Nd4 Kf7 24. g3 Ke7 25. f4 c5 26. Nb5 a6
27. Nc3 b6 28. a4 a5 29. Nb5 c6 30. Na7 Kd7 31. Rd1+ Kc7 32. Rd6 Rbd8 33. Rxe6
Rfe8 34. Rxc6+ Kb7 35. Kf3 Kxa7 36. Rc7+ Kb8 37. Rxg7 c4 38. Ke4 c3 0-1

[Event "Titled Tue 3rd Jun Early"]
[Site "chess.com INT"]
[Date "2025.06.03"]
[Round "1"]
[White "Keneshbekov, Elim"]
[Black "Arabidze, Meri"]
[Result "0-1"]
[WhiteTitle "CM"]
[BlackTitle "IM"]
[WhiteElo "1867"]
[BlackElo "2440"]
[WhiteFideId "13816772"]
[BlackFideId "13604040"]
[EventDate "2025.06.03"]

1. e4 e5 2. Nf3 Nc6 3. Bc4 Bc5 4. d3 Nf6 5. Nc3 h6 6. h3 d6 7. a3 a6 8. Be3 Nd7
9. Qd2 Bxe3 10. fxe3 Nc5 11. O-O-O Be6 12. Kb1 Bxc4 13. dxc4 O-O 14. g4 b5 15.
cxb5 axb5 16. Nxb5 Qb8 17. c4 Na7 18. Nc3 Qb3 19. Qc2 Qxc4 20. Nd2 Qa6 21. g5 h5
22. g6 Nb5 23. Rdg1 Nxc3+ 24. Qxc3 Rab8 25. b4 Nd7 26. Qc4 Qxa3 27. b5 Qa5 28.
gxf7+ Rxf7 29. Rf1 Qxb5+ 30. Kc2 Qxc4+ 31. Nxc4 Nc5 32. Rxf7 Kxf7 33. Rf1+ Kg8
34. Rf5 g6 35. Rg5 Kg7 36. Nd2 Ra8 37. Rg1 Ra2+ 38. Kc3 Ra3+ 39. Kc4 Rxe3 40.
Rc1 Rxh3 41. Kd5 Rd3+ 42. Kc6 Rxd2 0-1

[Event "Titled Tue 3rd Jun Early"]
[Site "chess.com INT"]
[Date "2025.06.03"]
[Round "1"]
[White "Pham, Le Thao Nguyen"]
[Black "Yevchenko, Oleksandr"]
[Result "1-0"]
[WhiteTitle "IM"]
[BlackTitle "CM"]
[WhiteElo "2388"]
[BlackElo "2276"]
[WhiteFideId "12401226"]
[BlackFideId "14108267"]
[EventDate "2025.06.03"]

1. d4 Nf6 2. Nf3 d5 3. c4 e6 4. Nc3 c6 5. cxd5 exd5 6. Bf4 Bf5 7. e3 Be7 8. Bd3
Bxd3 9. Qxd3 Nbd7 10. O-O O-O 11. Rab1 a5 12. Rfc1 Re8 13. Ne5 Nxe5 14. Bxe5 Nd7
15. Bg3 h6 16. Ne2 Nf6 17. Qb3 Qd7 18. Nf4 Ne4 19. Rc2 Qf5 20. Rbc1 a4 21. Qxb7
g5 22. Ne2 a3 23. b3 c5 24. dxc5 Bxc5 25. Qc6 Kh7 26. Qb5 Rac8 27. h3 Nxg3 28.
Nxg3 Qe5 29. Rxc5 Rxc5 30. Qxc5 Rd8 31. Qd4 Qe6 32. Qd3+ Kg7 33. Qf5 Qd6 34. Qd3
Qe5 35. Qd4 1-0

[Event "Titled Tue 3rd Jun Early"]
[Site "chess.com INT"]
[Date "2025.06.03"]
[Round "1"]
[White "Rustamov, Rustam"]
[Black "Darmanin, Jake"]
[Result "1-0"]
[WhiteTitle "FM"]
[BlackTitle "CM"]
[WhiteElo "2323"]
[BlackElo "2065"]
[WhiteFideId "13440110"]
[BlackFideId "5601061"]
[EventDate "2025.06.03"]

1. e4 e5 2. Nf3 Nc6 3. Bb5 a6 4. Ba4 d6 5. h3 g6 6. d4 b5 7. Bb3 Bg7 8. dxe5
Nxe5 9. Nxe5 Bxe5 10. O-O Ne7 11. Nc3 O-O 12. Bh6 Re8 13. f4 Bh8 14. Bg5 Be6 15.
f5 Bxb3 16. axb3 f6 17. Be3 Qd7 18. Qg4 c6 19. Rad1 h5 20. Qg3 g5 21. Rxd6 Qc7
22. Bxg5 fxg5 23. Qxg5+ Kf8 24. Qf4 Qa7+ 25. Kh1 Ng8 26. f6 Qf7 27. e5 Re6 28.
Rxe6 Qxe6 29. Ne4 Qd7 30. Ng5 Nh6 31. e6 Qd5 32. Nh7+ Kg8 33. Qxh6 Qe4 34. f7# 1-0

[Event "Titled Tue 3rd Jun Early"]
[Site "chess.com INT"]
[Date "2025.06.03"]
[Round "1"]
[White "Atkeson, Christopher Timothy"]
[Black "Sadubayev, Airat"]
[Result "0-1"]
[BlackTitle "FM"]
[WhiteElo "2031"]
[BlackElo "2211"]
[WhiteFideId "39956547"]
[BlackFideId "13713264"]
[EventDate "2025.06.03"]

1. e4 c6 2. d4 d5 3. f3 Qb6 4. Qd3 dxe4 5. fxe4 e5 6. c3 Nf6 7. Nf3 Nbd7 8. Be2
Bd6 9. O-O O-O 10. Kh1 Qc7 11. Nbd2 b5 12. Nh4 g6 13. Ndf3 Re8 14. Ng5 Bb7 15.
Bd2 h6 16. Ngf3 exd4 17. cxd4 Nxe4 18. Bxh6 Ndf6 19. Ng5 Rad8 20. Qh3 Bf4 21.
Nxe4 Rxe4 22. Bf3 Bxh6 23. Bxe4 Nxe4 24. Nf5 Bf8 25. Ne3 c5 26. Ng4 Bg7 27. Rae1
Rxd4 28. Qb3 a6 29. Rf3 c4 30. Qc2 Bc8 31. Rxe4 Bxg4 32. Rxg4 Rxg4 33. h3 Rd4
34. Qe2 Qd6 35. Qe8+ Qf8 36. Qc6 Rd1+ 37. Kh2 Qd6+ 38. Qxd6 Rxd6 0-1

[Event "Titled Tue 3rd Jun Early"]
[Site "chess.com INT"]
[Date "2025.06.03"]
[Round "1"]
[White "Mitrabha, Guha"]
[Black "Sanhueza, Cristian"]
[Result "1-0"]
[WhiteTitle "GM"]
[BlackTitle "FM"]
[WhiteElo "2515"]
[BlackElo "2182"]
[WhiteFideId "5057000"]
[BlackFideId "116815"]
[EventDate "2025.06.03"]

1. d4 Nf6 2. Nf3 g6 3. g3 Bg7 4. Bg2 O-O 5. O-O d6 6. Nc3 Nc6 7. e4 e5 8. d5 Nb8
9. a4 c6 10. a5 cxd5 11. exd5 Na6 12. h3 Bd7 13. Re1 Rc8 14. Be3 Nc5 15. Nd2 Ne8
16. Rb1 f5 17. f4 e4 18. Ne2 Qc7 19. b4 Na4 20. c4 a6 21. Qb3 h5 22. h4 Kh7 23.
Rec1 Nf6 24. Bh3 Ng4 25. Bxg4 hxg4 26. Kg2 Qd8 27. Nd4 Qe8 28. Rc2 Rf7 29. Rbc1
Qh8 30. Ne6 Bxe6 31. dxe6 Re7 32. Qxa4 Bd4 33. Qb3 Rxe6 34. c5 Rce8 35. c6 bxc6
36. Rxc6 Bxe3 37. Qxe3 Qb2 38. R1c2 Qxb4 39. Rxa6 d5 40. Rc7+ Kh6 41. Raa7 R6e7
42. Rxe7 Rxe7 43. Rxe7 Qxe7 44. Qd4 e3 45. Qh8+ Qh7 46. Qxh7+ Kxh7 47. Nb3 1-0

[Event "Titled Tue 3rd Jun Early"]
[Site "chess.com INT"]
[Date "2025.06.03"]
[Round "1"]
[White "Sturt, Raven"]
[Black "Sagalchik, Gennadij"]
[Result "1-0"]
[WhiteTitle "GM"]
[BlackTitle "GM"]
[WhiteElo "2459"]
[BlackElo "2434"]
[WhiteFideId "2007304"]
[BlackFideId "2007916"]
[EventDate "2025.06.03"]

1. f4 d5 2. Nf3 Nc6 3. e3 Bg4 4. Bb5 e6 5. Bxc6+ bxc6 6. h3 Bh5 7. d3 Bd6 8. Nc3
Ne7 9. e4 Rb8 10. O-O h6 11. g4 Bg6 12. f5 exf5 13. exf5 Bh7 14. Be3 h5 15. Qe1
hxg4 16. hxg4 Kf8 17. f6 gxf6 18. Qh4 Ng6 19. Qh6+ Ke7 20. Nd4 Kd7 21. Qh3 Rxb2
22. g5+ Ke8 23. Rae1 Bg8 24. Bc1+ Kf8 25. Qxh8 Nxh8 26. gxf6 Bh7 27. Bxb2 Qd7
28. Nce2 Qh3 29. Kf2 Qh4+ 30. Ke3 Qg5+ 31. Kf2 Qf5+ 32. Nxf5 1-0

[Event "Titled Tue 3rd Jun Early"]
[Site "chess.com INT"]
[Date "2025.06.03"]
[Round "1"]
[White "Ejsymont, Blanka"]
[Black "Punin, Andrii"]
[Result "1/2-1/2"]
[WhiteTitle "WCM"]
[BlackTitle "FM"]
[WhiteElo "1907"]
[BlackElo "2289"]
[WhiteFideId "21088268"]
[BlackFideId "14112639"]
[EventDate "2025.06.03"]

1. e4 d5 2. exd5 Qxd5 3. Nc3 Qa5 4. d4 Nf6 5. Nf3 c6 6. Bf4 Bf5 7. Bd3 e6 8. O-O
Bxd3 9. Qxd3 Nbd7 10. Ne5 Nxe5 11. Bxe5 O-O-O 12. a3 Bd6 13. Bxd6 Rxd6 14. Ne4
Nxe4 15. Qxe4 Qd5 16. Qxd5 Rxd5 17. c3 h5 18. h4 g5 19. hxg5 Rxg5 20. f4 Rg4 21.
Kh2 h4 22. Rf3 f5 23. Re1 Kd7 24. c4 a5 25. Re5 b6 26. d5 exd5 27. cxd5 Rf8 28.
dxc6+ Kxc6 29. Re6+ Kc5 30. Rc3+ Kd5 31. Rxb6 Rxf4 32. Rb5+ Kd6 33. Rxa5 Rf2 34.
Rf3 Rxb2 35. Raxf5 Rg8 36. Rf2 Rb3 37. a4 Ra3 38. a5 Ra8 39. R2f4 h3 40. gxh3
R8xa5 41. Rxa5 Rxa5 42. Re4 Re5 43. Rf4 Ke6 44. Kg3 Rf5 45. Rg4 Kf6 46. h4 Ra5
47. Rg8 Kf7 48. Rg4 Ra3+ 49. Kf4 Ra4+ 50. Kg5 Rxg4+ 51. Kxg4 Kg6 52. h5+ Kh6 53.
Kh4 Kh7 54. Kg5 Kg7 55. h6+ Kh7 56. Kh5 Kh8 57. Kg6 Kg8 58. Kf6 Kh8 59. Kg5 Kh7
60. Kh4 Kh8 61. Kh5 Kh7 62. Kg5 Kh8 63. Kg6 Kg8 64. h7+ Kh8 65. Kh6 1/2-1/2

[Event "Titled Tue 3rd Jun Early"]
[Site "chess.com INT"]
[Date "2025.06.03"]
[Round "1"]
[White "Maghsoodloo, Parham"]
[Black "Tleukhanov, Yerlan"]
[Result "1-0"]
[WhiteTitle "GM"]
[BlackTitle "FM"]
[WhiteElo "2706"]
[BlackElo "2169"]
[WhiteFideId "12539929"]
[BlackFideId "13749692"]
[EventDate "2025.06.03"]

1. d4 Nf6 2. c4 e6 3. Nc3 Bb4 4. e3 O-O 5. Ne2 d5 6. a3 Be7 7. cxd5 exd5 8. Nf4
b6 9. Bd3 Bb7 10. O-O c5 11. Bc2 Nc6 12. dxc5 d4 13. exd4 Nxd4 14. cxb6 Nxc2 15.
Qxc2 Qxb6 16. Be3 Qc6 17. f3 Rfe8 18. Qf2 a5 19. Rfe1 Bd6 20. Nd3 Qc7 21. Qh4
Rad8 22. Rad1 Ba6 23. Nf2 Be5 24. Rxd8 Rxd8 25. Rc1 Qb8 26. b4 axb4 27. axb4 Rc8
28. Bc5 Rxc5 29. bxc5 Bxc3 30. Qa4 Qb2 31. Nd3 Bd4+ 32. Kh1 Qb5 33. Qxd4 Qxd3
34. Qxd3 Bxd3 35. c6 Bf5 36. Rd1 Kf8 37. Rd8+ Ke7 38. c7 1-0

[Event "Titled Tue 3rd Jun Early"]
[Site "chess.com INT"]
[Date "2025.06.03"]
[Round "1"]
[White "Goldin, Alexander"]
[Black "Gonzalez Vega, Alejandro"]
[Result "1-0"]
[WhiteTitle "GM"]
[BlackTitle "FM"]
[WhiteElo "2541"]
[BlackElo "2092"]
[WhiteFideId "2019540"]
[BlackFideId "3510042"]
[EventDate "2025.06.03"]

1. d4 d5 2. c4 e6 3. Nc3 Nf6 4. Bg5 Nbd7 5. e3 c6 6. cxd5 exd5 7. Bd3 Be7 8. Qc2
O-O 9. Nf3 Re8 10. O-O h6 11. Bf4 Nh5 12. Be5 Nf8 13. h3 a5 14. a3 Nf6 15. Bh2
Be6 16. Ne5 N6d7 17. f4 Nxe5 18. dxe5 Bc5 19. Rae1 Bc8 20. Kh1 Ba7 21. e4 d4 22.
Ne2 c5 23. a4 Bd7 24. f5 Bc6 25. Bc4 Bb8 26. Qb3 Qc7 27. Nf4 Re7 28. f6 gxf6 29.
exf6 Re5 30. Nd3 Qd7 31. Nxe5 Bxe5 32. Bxe5 Ng6 33. Bh2 Re8 34. Qd3 Kh8 35. e5 1-0

[Event "Titled Tue 3rd Jun Early"]
[Site "chess.com INT"]
[Date "2025.06.03"]
[Round "1"]
[White "Karvatskyi, Oleksii"]
[Black "Winkels, Marcel"]
[Result "1-0"]
[WhiteTitle "CM"]
[BlackTitle "CM"]
[WhiteElo "2248"]
[BlackElo "1918"]
[WhiteFideId "14191059"]
[BlackFideId "1003887"]
[EventDate "2025.06.03"]

1. Nc3 d5 2. e3 Nf6 3. b3 g6 4. Bb2 Bg7 5. Nge2 O-O 6. Ng3 c5 7. Be2 d4 8. exd4
cxd4 9. Nb5 h5 10. h4 Nc6 11. a4 a6 12. Na3 Bg4 13. Bxg4 Nxg4 14. Nc4 d3 15.
Bxg7 dxc2 16. Qxc2 Kxg7 17. Qc3+ Kg8 18. O-O Nd4 19. Rfe1 Rc8 20. a5 e5 21. Qb2
Qxh4 22. Nxe5 Rcd8 23. Nxg4 Qxg4 24. Re4 Qd7 25. Rae1 Nf5 26. Nxf5 Qxf5 27. d4
Kh7 28. Re5 Qf6 29. Qc3 Rc8 30. Qe3 Rc2 31. d5 Rd8 32. Qd4 Qg7 33. Qe4 Rc5 34.
Rxh5+ 1-0